Culture Générale - Série 1768 - Statistiques

Statistiques générales
  • Ce quiz a été pris 184 fois
  • Le résultat moyen est 6 sur 10
Statistiques - réponses
Question Réponse % Correct
Quel animal était appelé au Moyen-Âge le goupil ? renard
94%
Quel animal est le colvert ? canard
89%
Où se sont réunis en février 1945 , Churchill, Roosevelt et Staline ? Yalta
83%
Quelle région d’Ukraine la Russie a-t-elle annexée en 2014 ? Crimée
76%
Quel est le plus grand pays musulman du monde en terme de population ? Indonésie
75%
Quel était l’instrument de prédilection de Yehudi Menuhin ? violon
69%
Dans quel état des États-Unis le Grand Canyon se trouve-t-il ? Arizona
61%
Quel groupe anglais avait pour leader Mark Knoplfer dès 1978 ? Dire Straits
32%
De quelle pièce de Molière Alceste et Célimène sont-ils les protagonistes ? Le misanthrope
21%
Quel est le nom de l’opération française en Centrafrique lancée en 2013 ? Sangaris
6%
Aucun quiz correspondant
Distribution des résultats
% des personnes avec chaque résultat
Percentile par nombre de réponses
Votre historique - résultats
Vous n’avez pas pris ce quiz